• 首页
  • 本馆介绍
  • 公告通知
  • 最新文献
  • 馆藏检索
  • 电子资源
  • 读者导购
  • 参考咨询
  • 我的图书馆
  • 登录
  • 详细信息显示
  • 放入我的书架
  • 预约/预借图书
  • 作者相关作品
  • 分类相关作品
  • 丛书相关作品
  • 出版社相关作品

书目信息

  • 表格格式
  • 工作单格式
  • 卡片格式
题名:
茅盾童话选
    
 
作者: 茅盾 著 ;范奇龙 , 范奇龙 著
分册:  
出版信息: 成都   四川少年儿童出版社  1983
页数: 187页
开本: 19cm
丛书名:
单 册:
中图分类: I287.7
科图分类:
主题词: 童话--中国--现代--选集
电子资源:
ISBN:
000 00731nam0 2200265 45
001 0183010133
005 20040408154135.6
010    @dCNY0.63
091    @aR10247.127
100    @a19950602d1983 cemy0chiy0121 ea
101 0  @achi
102    @aCN@b510000
105    @ay z 000zy
106    @ar
200 10 @a茅盾童话选@Amao dun tong hua xuan@f茅盾著@g范奇龙编选
210    @a成都@c四川少年儿童出版社@d1983
215    @a187页@d19cm
606    @a童话@y中国@z现代@x选集
690    @aI287.7@v3
701  0 @a茅盾@Amao dun@4著
702  0 @a范奇龙@Afan qi long@4 著
702  0 @a范奇龙@AFan Qi Long@4编选
801  0 @aCN@b上海图书馆@c20040408
801  2 @aCN@bNLC@c20040408
905    @f2@b89361-362@dI287.7@e102@b89364@f1
    
    茅盾童话选/茅盾著/范奇龙编选.-成都:四川少年儿童出版社,1983
    187页;19cm
    
    
    ISBN :CNY0.63
    
●
相关链接 在E读中查询图书 在五车中查询图书 在当当中查询图书 在豆瓣中查询图书


正题名:茅盾童话选     索取号:I287.7/102         预约/预借

序号 登录号 条形码 馆藏地/架位号 状态 备注
1 0089361   000892920   第二借阅区/ [索取号:I287.7/102] 在馆    
2 0089362   000057798   第二借阅区/ [索取号:I287.7/102] 在馆    
3 0089364   000892911   第二借阅区/ [索取号:I287.7/102] 在馆    
4 0089365   000892966   第一样本阅览室/ [索取号:I287.7/102] 在馆    
唐山师范学院图书馆 欢迎您!
大连网信软件有限公司© 版权所有